Classement Forbes 2021 des villes 🌆 comptant le plus de milliardaires - Statistiques

Statistiques générales
  • Ce quiz a été pris 183 fois
  • Le résultat moyen est 7 sur 10
Statistiques - réponses
Pays Ville Nombre de milliardaires Evolution depuis l'année dernière Fortune nette totale % Correct
🇺🇸 New-York 99 milliardaires 📈 + 7 560,5 milliards de 💵
99%
🇬🇧 Londres 63 milliardaires 📈 + 7 316,1 milliards de 💵
96%
🇷🇺 Moscou 79 milliardaires 📈 + 9 420,6 milliards de 💵
91%
🇨🇳 Pékin 100 milliardaires 📈 + 33 484,3 milliards de 💵
90%
🇨🇳 Shanghaï 64 milliardaires 📈 + 18 259,6 milliards de 💵
83%
🇭🇰 Hong-Kong 80 milliardaires 📈 + 9 448,4 milliards de 💵
82%
🇮🇳 Bombay 48 milliardaires 📈 + 10 265 milliards de 💵
71%
🇺🇸 San Francisco 48 milliardaires 📈 + 11 190 milliards de 💵
53%
🇨🇳 Shenzhen 68 milliardaires 📈 + 24 415,3 milliards de 💵
35%
🇨🇳 Hangzhou 47 milliardaires 📈 + 21 269,2 milliards de 💵
4%
Aucun quiz correspondant
Distribution des résultats
% des personnes avec chaque résultat
Percentile par nombre de réponses
Votre historique - résultats
Vous n’avez pas pris ce quiz